书目信息 |
| 题名: |
王季思学术论著自选集
|
|
| 作者: | 王季思 主编 | |
| 分册: | ||
| 出版信息: | 北京 北京师范大学出版社 1991.08 |
|
| 页数: | 721页 | |
| 开本: | 32开 | |
| 丛书名: | ||
| 单 册: | ||
| 中图分类: | J-53 | |
| 科图分类: | ||
| 主题词: | 艺术 | |
| 电子资源: | ||
| ISBN: | 7-81014-305-0 | |
| 000 | 00561nam0 2200193 45 | |
| 001 | 0008140951 | |
| 005 | 20000814090744.9 | |
| 010 | @a7-81014-305-0@d19.50元 | |
| 100 | @a20000814d1991 km y0chiy0120 ea | |
| 101 | 0 | @achi |
| 105 | @a z 000yy | |
| 200 | 1 | @a王季思学术论著自选集@AWang Ji Si Xue Shu Lun Zhu Zi Xuan Ji@f王季思主编@FWang Ji Si Zhu Bian |
| 210 | @a北京@c北京师范大学出版社@d1991.08 | |
| 215 | @a721页@d32开 | |
| 606 | 0 | @a艺术 |
| 690 | @aJ-53@v3 | |
| 701 | 0 | @a王季思@4主编 |
| 801 | @aCN@bPftUser@c20000814 | |
| 905 | @b105350-351@dJ-53@eW759@f2 | |
| 王季思学术论著自选集/王季思主编.-北京:北京师范大学出版社,1991.08 |
| 721页;32开 |
| ISBN 7-81014-305-0:19.50元 |
| ● |
| 相关链接 |
|
|
|
正题名:王季思学术论著自选集
索取号:J-53/W759
 
预约/预借
| 序号 | 登录号 | 条形码 | 馆藏地/架位号 | 状态 | 备注 |
| 1 | 105350 | 201053509 | 社科库309/309社科库 61排1列5层/ [索取号:J-53/W759] | 在馆 | |
| 2 | 105351 | 201053518 | 艺术设计学院资料室/ [索取号:J-53/W759] | 在馆 |